| 000 | 00554nam a22001937a 4500 | ||
|---|---|---|---|
| 003 | 0 | ||
| 005 | 20240504084733.0 | ||
| 008 | 240504b xxu||||| |||| 00| 0 eng d | ||
| 020 | _a978-981-09-2318-1 | ||
| 050 |
_aER _bHot832 2014 |
||
| 082 |
_aER _bHot832 2014 |
||
| 100 | _aLanders, Ace | ||
| 245 |
_aHot wheels: off roading _cAce Landers |
||
| 260 |
_aNew York _bScholastic, Inc. _c2014 |
||
| 300 |
_a32 pages: _bcolored illustrations ; _c23cm. |
||
| 650 | _aCars--Juvenile fiction. | ||
| 650 | _aCars--Children's stories. | ||
| 942 |
_2ddc _cBK |
||
| 999 |
_c365978 _d365978 |
||